Ein tropischer Fisch sehnt sich nach Schnee (Titelsatznr. 1485)

[ MARC ]
MARC-Details
000 -LEADER
fixed length control field 01385cam a2200445 cc4500
001 - CONTROL NUMBER
control field 103641857X
003 - CONTROL NUMBER IDENTIFIER
control field DE-627
005 - DATE AND TIME OF LATEST TRANSACTION
control field 20260212125536.0
007 - PHYSICAL DESCRIPTION FIXED FIELD--GENERAL INFORMATION
fixed length control field tu
008 - FIXED-LENGTH DATA ELEMENTS--GENERAL INFORMATION
fixed length control field 181024s2019 gw ||||| 6 00| ||ger c
015 ## - NATIONAL BIBLIOGRAPHY NUMBER
National bibliography number 18,N43
Source dnb
016 7# - NATIONAL BIBLIOGRAPHIC AGENCY CONTROL NUMBER
Record control number 1169426395
Source DE-101
020 ## - INTERNATIONAL STANDARD BOOK NUMBER
International Standard Book Number 9783963582400
Terms of availability : EUR 7.00 (DE), EUR 7.20 (AT)
024 3# - OTHER STANDARD IDENTIFIER
Standard number or code 9783963582400
035 ## - SYSTEM CONTROL NUMBER
System control number (DE-627)103641857X
035 ## - SYSTEM CONTROL NUMBER
System control number (DE-599)DNB1169426395
035 ## - SYSTEM CONTROL NUMBER
System control number (OCoLC)1158393718
040 ## - CATALOGING SOURCE
Original cataloging agency DE-627
Language of cataloging ger
Transcribing agency DE-627
Description conventions rda
041 ## - LANGUAGE CODE
Language code of text/sound track or separate title ger
Language code of original jpn
044 ## - COUNTRY OF PUBLISHING/PRODUCING ENTITY CODE
ISO country code XA-DE-HH
082 04 - DEWEY DECIMAL CLASSIFICATION NUMBER
Classification number 741.5
Assigning agency DE-101
084 ## - OTHER CLASSIFICATION NUMBER
Classification number 5.2
Number source asb
084 ## - OTHER CLASSIFICATION NUMBER
Classification number 5.2
Number source ssd
084 ## - OTHER CLASSIFICATION NUMBER
Classification number 5.2 Comic
Number source sfb
084 ## - OTHER CLASSIFICATION NUMBER
Classification number R 70 Ju
Number source kab
100 1# - MAIN ENTRY--PERSONAL NAME
Personal name Hagino, Makoto
Relator term VerfasserIn
-- KünstlerIn
Authority record control number or standard number (DE-588)1189174251
-- (DE-627)1667908391
Relationship aut
-- art
245 14 - TITLE STATEMENT
Title Ein tropischer Fisch sehnt sich nach Schnee
Number of part/section of a work 1
Statement of responsibility, etc. Makoto Hagino
250 ## - EDITION STATEMENT
Edition statement Deutsche Ausgabe, 1. Auflage
264 #1 - PRODUCTION, PUBLICATION, DISTRIBUTION, MANUFACTURE, AND COPYRIGHT NOTICE
Place of production, publication, distribution, manufacture Hamburg
Name of producer, publisher, distributor, manufacturer Altraverse GmbH
Date of production, publication, distribution, manufacture, or copyright notice 2019
300 ## - PHYSICAL DESCRIPTION
Extent 165 Seiten
336 ## - CONTENT TYPE
Content type term unbewegtes Bild
Content type code sti
Source rdacontent
336 ## - CONTENT TYPE
Content type term Text
Content type code txt
Source rdacontent
337 ## - MEDIA TYPE
Media type term ohne Hilfsmittel zu benutzen
Media type code n
Source rdamedia
338 ## - CARRIER TYPE
Carrier type term Band
Carrier type code nc
Source rdacarrier
490 0# - SERIES STATEMENT
Series statement Girls love
655 #7 - INDEX TERM--GENRE/FORM
Genre/form data or focus term Comic
Authority record control number or standard number (DE-588)4010427-8
-- (DE-627)104377402
-- (DE-576)208887989
Source of term gnd-content
951 ## - EQUIVALENCE OR CROSS-REFERENCE--GEOGRAPHIC NAME/AREA NAME [OBSOLETE] [CAN/MARC only]
Geographic name MV
773 18 - HOST ITEM ENTRY
Record control number (DE-627)1668471825
Related parts 1
Enumeration and first page 1
Control subfield nnam
942 ## - ADDED ENTRY ELEMENTS (KOHA)
Source of classification or shelving scheme Dewey Decimal Classification
Koha item type Manga
Suppress in OPAC No
Exemplare
Withdrawn status Lost status Source of classification or shelving scheme Damaged status Not for loan Home library Current library Shelving location Date acquired Total checkouts Barcode Date last seen Price effective from Koha item type
    Dewey Decimal Classification     Bunte Manga Potsdam Bunte Manga Potsdam Romance - Girl's Love 02/12/2026   1466 02/12/2026 02/12/2026 Manga

Powered by Koha